000 00881nam a2200241 a 4500
001 000035076
005 20200930074104.0
008 111024s1964 ag a 000 0 spa d
040 _aDO-SdBNP
_bspa
_cBNPHU
082 _axxxx
_bL523c
100 1 _aLehmann, Henri
_960734
240 1 0 _aLes civilisations précolombiennes
_lFrancés
245 1 4 _aLas culturas precolombinas /
_cHenri Lehmann ; traducción de la 2a. ed., 1958 por Mariana Payró de Bonfanti.
250 _a3a ed.
260 _aBuenos Aires :
_bUniversitaria,
_c1964.
300 _a135 p. ;
_c19 cm.
490 1 _aLectores de Eudeba
_v4
500 _aTraducido del francés
500 _aSegunda edición, modificada y corregida de acuerdo con la tercera edición francesa, 1961: abril de 1963
700 1 2 _aPayró de Bonfanti, Mariana,
_etr.
_960735
830 0 _aLectores de Eudeba
_v4
_960736
049 _aBNGR
999 _c34567
_d34567